| 000 | 00511nam a2200181 a 4500 | ||
|---|---|---|---|
| 005 | 20140412111331.0 | ||
| 008 | 030206s19uu xx 00 eng d | ||
| 020 | _a0-307-98838-4 | ||
| 050 |
_aER _bPo75tr 1997 |
||
| 100 | _aBraybrooks, Ann | ||
| 245 |
_aPooh: trick or treat!. / _cBy Ann Braybrooks ; illustrated by Arkadia. |
||
| 260 |
_aNew York : _bA Golden Book, _c1997. |
||
| 300 | _a1 v. (unp.) ; ill. | ||
| 440 | _aPooh | ||
| 650 | _aGames--Fiction | ||
| 650 | _aChildren stories | ||
| 999 |
_c104925 _d104925 |
||